[Event "RUS-ch Seniors"]
[Site "Tula"]
[Date "2004.05.18"]
[Round "9"]
[White "Arkhangelsky, Boris Nikolaevich"]
[Black "Radevich, Boris"]
[Result "1-0"]
[WhiteElo "2381"]
[BlackElo "2359"]
[PlyCount "109"]
[EventDate "2004.05.??"]
[EventType "swiss"]
[EventRounds "9"]
[EventCountry "RUS"]
[SourceTitle "EXT 2005"]
[Source "ChessBase"]
[SourceDate "2004.11.15"]
[SourceVersion "1"]
[SourceVersionDate "2004.11.15"]
[SourceQuality "1"]

1. Nf3 b5 2. e4 Bb7 3. Bxb5 Bxe4 4. 0-0 Nf6 5. d4 e6 6. c4 Be7 7. Nc3 Bb7 8. d5 0-0 9. Ba4 Ba6 10. Bb5 Qc8 11. Re1 Bb4 12. Bd2 Qb7 13. Ne4 Be7 14. Bxa6 Qxa6 15. Qc2 exd5 16. Nc3 Bb4 17. Nxd5 Nxd5 18. cxd5 Bxd2 19. Qxd2 Qd6 20. Rad1 Na6 21. a3 Rfe8 22. h3 Rab8 23. b4 h6 24. Qc3 Rxe1+ 25. Qxe1 Kf8 26. Qe4 Kg8 27. Nd4 g6 28. Re1 Kg7 29. g4 Rb6 30. Re3 Qf6 31. Kg2 Qd6 32. h4 c5 33. dxc6 dxc6 34. Rd3 Qf6 35. Nf3 c5 36. g5 hxg5 37. hxg5 Qe6 38. Qxe6 Rxe6 39. b5 Nc7 40. a4 a6 41. Rd7 Ne8 42. Rd5 axb5 43. axb5 c4 44. Rc5 Nd6 45. Kf1 Kf8 46. Nd4 Re4 47. Ne2 Re6 48. Nc3 Ke8 49. b6 Nb7 50. Rc8+ Kd7 51. Rc7+ Kd6 52. Rxb7 Kc6 53. Rxf7 Kxb6 54. Rf6 Rc6 55. Ke2 1-0

[Event "RUS-ch Seniors"]
[Site "Tula"]
[Date "2004.05.14"]
[Round "5"]
[White "Kasantsev, Anatolij B"]
[Black "Radevich, Boris"]
[Result "1/2-1/2"]
[WhiteElo "2199"]
[BlackElo "2359"]
[PlyCount "87"]
[EventDate "2004.05.??"]
[EventType "swiss"]
[EventRounds "9"]
[EventCountry "RUS"]
[SourceTitle "EXT 2005"]
[Source "ChessBase"]
[SourceDate "2004.11.15"]
[SourceVersion "1"]
[SourceVersionDate "2004.11.15"]
[SourceQuality "1"]

1. d4 Nf6 2. c4 c5 3. d5 e6 4. Nc3 exd5 5. cxd5 d6 6. e4 Be7 7. h3 0-0 8. Nf3 Re8 9. Bd3 Na6 10. 0-0 Nc7 11. Re1 a6 12. a4 Rb8 13. Bf4 Bf8 14. Bg5 h6 15. Bh4 Be7 16. Bg3 Nd7 17. Bc2 Bf8 18. e5 Nxe5 19. Nxe5 dxe5 20. Rxe5 Bd6 21. Rxe8+ Nxe8 22. Qd3 f5 23. Re1 Bxg3 24. Qxg3 Nd6 25. a5 b5 26. axb6 Rxb6 27. Na4 Rb5 28. Qc3 c4 29. Qd4 Kf7 30. Bd1 Qf6 31. Qa7+ Rb7 32. Qc5 Re7 33. Bh5+ g6 34. Rxe7+ Qxe7 35. Bf3 Bd7 36. Nc3 Qe1+ 37. Kh2 Qe5+ 38. Kg1 Bb5 39. Qa7+ Qe7 40. Qd4 Qf6 41. Qa7+ Qe7 42. Qd4 h5 43. h4 Qe1+ 44. Kh2 1/2-1/2